LLAMA LLAMA ANNELER GÜNÜ HEDİYESİ (Record no. 1143351)

MARC details
000 -LEADER
sabit uzunluktaki kontrol alanı 00252nam a2200097Ia 4500
001 - KONTROL NUMARASI
kontrol alanı 1143351
005 - EN SON İŞLEMİN TARİH VE ZAMANI
kontrol alanı 20250827010154.0
008 - SABİT-UZUNLUKTA VERİ ÖĞELERİ--GENEL BİLGİ
sabit uzunluktaki kontrol alanı 250824s9999 xx 000 0 und d
245 #0 - ESER / YAZAR
ESER ADI LLAMA LLAMA ANNELER GÜNÜ HEDİYESİ
Yazar Adı ANNA DEWDNEY
260 ## - YAYIN, DAĞITIM, VB.
YAYIN EVİ MUNDİ
Holdings
Düşüm durumu Kayıp durumu Hasar Durumu Ödünç verilmez Ana kütüphane Geçerli Kütüphane Edinilen tarih Toplam ödünç verme sayısı Barkod Son görüntüleme tarihi Fiyatın geçerli olmaya başladığı tarih Koha materyal türü
        AHMET ACAR İLKOKULU AHMET ACAR İLKOKULU 24.08.2025   10023546 27.08.2025 27.08.2025 Books